| 000 | 00388nam a22001217a 4500 | ||
|---|---|---|---|
| 082 | _a200 THE | ||
| 100 |
_aKhawaja Sarmad Arif _973201 |
||
| 245 | _aTH-SOF-1787-Building a core Biomedical Ontology for the domain of Respiratory Tract Infection | ||
| 260 |
_aISLAMABAD _bNUST COLLEGE OF EME _c2020 |
||
| 650 | _aMS-CSE-17 | ||
| 700 |
_aSupervisor Dr. Usman Qamar _969693 |
||
| 942 |
_cCF _2ddc |
||
| 999 |
_c579023 _d579023 |
||